Embracing complexity in design / (Record no. 352486)
[ view plain ]
| 000 -LEADER | |
|---|---|
| fixed length control field | 01744 a2200325 4500 |
| 003 - CONTROL NUMBER IDENTIFIER | |
| control field | OSt |
| 005 - DATE AND TIME OF LATEST TRANSACTION | |
| control field | 20180116192336.0 |
| 008 - FIXED-LENGTH DATA ELEMENTS--GENERAL INFORMATION | |
| fixed length control field | 120518t xxu||||| |||| 00| 0 eng d |
| 010 ## - LIBRARY OF CONGRESS CONTROL NUMBER | |
| LC control number | 2009008956 |
| 020 ## - INTERNATIONAL STANDARD BOOK NUMBER | |
| International Standard Book Number | 9780415497008 (hbk : alk. paper) |
| 020 ## - INTERNATIONAL STANDARD BOOK NUMBER | |
| International Standard Book Number | 0415497000 (hbk : alk. paper) |
| 020 ## - INTERNATIONAL STANDARD BOOK NUMBER | |
| International Standard Book Number | 9780203871393 (ebk) |
| 020 ## - INTERNATIONAL STANDARD BOOK NUMBER | |
| International Standard Book Number | 0203871391 (ebk) |
| 035 ## - SYSTEM CONTROL NUMBER | |
| System control number | (OCoLC)ocn311756865 |
| 040 ## - CATALOGING SOURCE | |
| Transcribing agency | 0 |
| 082 00 - DEWEY DECIMAL CLASSIFICATION NUMBER | |
| Classification number | 701.8 |
| 245 00 - TITLE STATEMENT | |
| Title | Embracing complexity in design / |
| Statement of responsibility, etc. | edited by Jeffrey Johnson, Katerina Alexiou & Theodore Zamenopoulos. |
| 260 ## - PUBLICATION, DISTRIBUTION, ETC. | |
| Place of publication, distribution, etc. | New York : |
| Name of publisher, distributor, etc. | Routledge, |
| Date of publication, distribution, etc. | 2010. |
| 300 ## - PHYSICAL DESCRIPTION | |
| Extent | xv, 216 p. : |
| Other physical details | ill. ; |
| Dimensions | 26 cm. |
| 500 ## - GENERAL NOTE | |
| General note | Includes index |
| 505 0# - FORMATTED CONTENTS NOTE | |
| Formatted contents note | Generating cities using complexity theory / Batty -- Embracing complexity in building design / Bachman -- Complexity in engineering design / Eckert, Keller and Clarkson -- Using complexity science framework and multi-agent technology in design / Rzevski -- Complexity and coordination in collaborative design / Alexiou -- The mathematical conditions of design ability: a complexity theoretic view / Zamenopoulos -- The art of complex systems science / Cham -- Performance, complexity and emergent objects / Wallis -- Developments in service design thinking and practice / Young -- Metamorphosis of the artificial / Robertson -- Embracing design in complexity / Johnson. |
| 650 #0 - SUBJECT ADDED ENTRY--TOPICAL TERM | |
| Topical term or geographic name entry element | Design. |
| 9 (RLIN) | 1670 |
| 650 #0 - SUBJECT ADDED ENTRY--TOPICAL TERM | |
| Topical term or geographic name entry element | Complexity (Philosophy) |
| 9 (RLIN) | 1671 |
| 700 1# - ADDED ENTRY--PERSONAL NAME | |
| Personal name | Johnson, J. |
| 9 (RLIN) | 1672 |
| 700 1# - ADDED ENTRY--PERSONAL NAME | |
| Personal name | Alexiou, Katerina, |
| Dates associated with a name | 1973- |
| 9 (RLIN) | 1673 |
| 700 1# - ADDED ENTRY--PERSONAL NAME | |
| Personal name | Zamenopoulos, Theodore, |
| Dates associated with a name | 1973- |
| 9 (RLIN) | 1674 |
| 942 ## - ADDED ENTRY ELEMENTS (KOHA) | |
| Institution code [OBSOLETE] | SADA |
| Koha item type | Book |
| Call number prefix | 701.8 EMB 2010 |
| Source of classification or shelving scheme | |
| Withdrawn status | Lost status | Source of classification or shelving scheme | Damaged status | Not for loan | Permanent Location | Current Location | Date acquired | Total Checkouts | Full call number | Barcode | Date last seen | Copy number | Cost, replacement price | Price effective from | Koha item type |
|---|---|---|---|---|---|---|---|---|---|---|---|---|---|---|---|
| School of Art Design and Architecture (SADA) | School of Art Design and Architecture (SADA) | 01/06/2011 | 701.8 EMB 2010 | SADA0000510 | 08/05/2011 | 01 | 8280.00 | 08/05/2011 | Book | ||||||
| School of Art Design and Architecture (SADA) | School of Art Design and Architecture (SADA) | 02/10/2011 | 701.8 EMB 2010 | SADA0000603 | 01/05/2017 | 02 | 01/05/2017 | Book |
